Minecraft - Indovina le entità tramite l'immagine - Statistics

Statistiche generali
  • Questo quiz è stato fatto 3 volte
  • Il punteggio medio è 22 su 172
Statistiche sulle risposte
con Immagini Risposta % Corretto
Creeper
100%
Alleviante
50%
Ape
50%
Asino
50%
Blaze
50%
Capra
50%
Cavallo
50%
Cavallo scheletro
50%
Cavallo zombi
50%
Coniglio
50%
Delfino
50%
Devastatore
50%
Dromedario
50%
Enderman
50%
Gallina
50%
Girino
50%
Golem di ferro
50%
Lama
50%
Lupo
50%
Maiale
50%
Mucca
50%
Occhio di ender
50%
Orso polare
50%
Palla di neve
50%
Palloncino
50%
Panda
50%
Pappagallo
50%
Pecora
50%
Perla di ender
50%
Pesce palla
50%
Piglin
50%
Piglin bruto
50%
Ragno
50%
Rana
50%
Scheletro
50%
Strega
50%
Tartaruga
50%
Tridente
50%
Uovo
50%
Villico
50%
Volpe
50%
Zombi
50%
Agente
0%
Ampolla d'esperienza
0%
Annegato
0%
Area interessata da nubi
0%
Armadillo
0%
Articolo
0%
Assolotto
0%
Barca della giungla
0%
Barca della giungla con baule
0%
Barca di abete
0%
Barca di abete con baule
0%
Barca di acacia
0%
Barca di acacia con baule
0%
Barca di betulla
0%
Barca di betulla con baule
0%
Barca di ciliegio
0%
Barca di ciliegio con baule
0%
Barca di mangrovia
0%
Barca di mangrovia con baule
0%
Barca di quercia
0%
Barca di quercia con baule
0%
Barca di quercia pallida
0%
Barca di quercia pallida con baule
0%
Barca di quercia scura
0%
Barca di quercia scura con baule
0%
Blocco cadente
0%
Blu uovo
0%
Bomba di ghiaccio
0%
Brezza
0%
Caduta di ghiaia sospetta
0%
Caduta di sabbia sospetta
0%
Calamaro
0%
Calamaro luminescente
0%
Carica di fuoco
0%
Carica di fuoco del drago
0%
Carica di vento
0%
Coniglio Assassino
0%
Cornice
0%
Cornice luminescente
0%
Cranio di Wither
0%
Cristallo dell'End
0%
Cubo di magma
0%
Enderdrago
0%
Endermite
0%
Errante
0%
Evocatore
0%
Fantasma
0%
Fiutatore
0%
Freccia
0%
Freccia con punta
0%
Freccia spettrale
0%
Fulmine
0%
Galleggiante da pesca
0%
Gatto
0%
Gelatina
0%
Ghast
0%
Ghast allegro
0%
Ghiaia che cade
0%
Gigante
0%
Giocatore
0%
Golem di neve
0%
Golem di rame
0%
Guardiano
0%
Guardiano antico
0%
Hoglin
0%
Illusione
0%
Impalcature che cadono
0%
Incudine che cade
0%
Lama di mercante
0%
Manichino
0%
Mercante ambulante
0%
Merluzzo
0%
Mooshroom
0%
Mulo
0%
Mummifario
0%
Mummificato
0%
Nautilo
0%
Nautilo zombi
0%
Neve che cade
0%
Nodo al guinzaglio
0%
NPC / PNG
0%
Ocelotto
0%
Ossecco
0%
Paludoso
0%
Pesce tropicale
0%
Pesciolino d'argento
0%
Piccola carica di fuoco
0%
Piglin zombificato
0%
Pipistrello
0%
Polvere di cemento che cade
0%
Pozione persistente
0%
Pozione spruzzata
0%
Predone
0%
Proiettile shulker
0%
Quadro
0%
Ragno delle caverne
0%
Razzo pirotecnico
0%
Rosso uovo
0%
Sabbia che cade
0%
Sabbia rossa che cade
0%
Salmone
0%
Scheletro di Wither
0%
Scricchio
0%
Sfera dell'esperienza
0%
Shulker
0%
Sorvegliante
0%
Sputo di lama
0%
Stagno appuntito cadente
0%
Strider
0%
Supporto per armature
0%
Telecamera
0%
TNT innescato
0%
TNT subacqueo innescato
0%
Uovo di drago che cade
0%
Vagonetto
0%
Vagonetto con baule
0%
Vagonetto con blocco comandi
0%
Vagonetto con fornace
0%
Vagonetto con generatore di mostri
0%
Vagonetto con TNT
0%
Vagonetto con tramoggia
0%
Vendicatore
0%
Vessante
0%
Villico zombi
0%
Visualizzazione a blocchi
0%
Wither
0%
Zanne evocatrici
0%
Zattera di bambù
0%
Zattera di bambù con baule
0%
Zoglin
0%
Nessun quiz corrispondente trovato
Distribuzione punteggi
Percentuale di utenti per punteggio
Percentile per numero di risposta
I tuoi punteggi nel tempo
Non hai fatto questo quiz